Atlas slovenského jazyka 2 flexia

Enregistré dans:
Détails bibliographiques
Format: Livre
Langue:slovaque
Publié: Bratislava Veda 1981
Tags: Ajouter un tag
Pas de tags, Soyez le premier à ajouter un tag!

MARC

LEADER 00000nam a2200000 4500
001 c106544
005 20260327064905.6
041 0 |a slo 
044 |a SK 
245 1 0 |a Atlas slovenského jazyka 2  |b flexia  |c Jozef Štolc 
264 1 |a Bratislava  |b Veda  |c 1981 
300 |a 314 s.  |e 3 mp. príl.